IBM WebSphere V5 edge of network patterns (Record no. 210751)
[ view plain ]
| 000 -LEADER | |
|---|---|
| fixed length control field | 01711nam a2200433Ia 4500 |
| 100 1# - MAIN ENTRY--AUTHOR NAME | |
| Personal name | Ramanujam, Vinodha. |
| 245 10 - TITLE STATEMENT | |
| Title | IBM WebSphere V5 edge of network patterns |
| 250 ## - EDITION STATEMENT | |
| Edition statement | 1st ed. |
| 260 ## - PUBLICATION, DISTRIBUTION, ETC. (IMPRINT) | |
| Place of publication | Research Triangle Park, NC : |
| Name of publisher | IBM, International Technical Support Organization, |
| Year of publication | c2003. |
| 300 ## - PHYSICAL DESCRIPTION | |
| Number of Pages | xii, 280 p. : |
| Other physical details | ill. |
| 490 1# - SERIES STATEMENT | |
| Series statement | WebSphere software |
| Series statement | IBM redbooks |
| 500 ## - GENERAL NOTE | |
| General note | "Patterns for e-business series"--P. 3. |
| General note | "August 2003." |
| General note | "SG24-6896-00." |
| 650 #0 - SUBJECT ADDED ENTRY--TOPICAL TERM | |
| Topical Term | Electronic commerce |
| Topical Term | Electronic commerce |
| Topical Term | Software patterns. |
| 700 1# - ADDED ENTRY--PERSONAL NAME | |
| Personal name | Braswell, Byron. |
| 856 40 - ELECTRONIC LOCATION AND ACCESS | |
| Uniform Resource Identifier | http://site.ebrary.com/lib/rucke/Doc?id=10112852 |
No items available.
